00367nam a22001337a 450000500170000000800410001704100120005808200120007010000130008224500350009526000460013030000310017665000260020720240712092046.0240712b |||||||| |||| 00| 0 eng d aEnglish a349 SOU lEnglish  aThe South African Law Reports  aCape Town: bJuta and Company Ltd, c1948 bxix, 1295 pages; c25 cm.  aLegal practice bLaw